| 000 | 00553nam a2200193Ia 4500 | ||
|---|---|---|---|
| 005 | 20250508154643.0 | ||
| 008 | 008 250505s9999 xx 000 0 eng d | ||
| 037 | _aTextual | ||
| 040 |
_aFEDL _beng _cFEDL |
||
| 041 |
_aeng _2eng |
||
| 084 |
_a157, SMI _qFEDL |
||
| 100 |
_aSmith Jackson A. _9414455 |
||
| 245 | 0 | _aPsychiatry : Descriptive and dynamic | |
| 260 |
_aCalcutta, India _bOxford and IBH Publishing Co. _c1959 |
||
| 300 | _a342p. | ||
| 650 | _aAbnormal Psychology | ||
| 942 |
_cTEXL _h157, SMI |
||
| 999 |
_c1351416 _d1351416 |
||